| 000 | 01945nam0a2200349 4500 | ||
|---|---|---|---|
| 001 | RU\NLR\bibl\810030 | ||
| 005 | 20260215060005.0 | ||
| 010 |
_a5-7638-0553-4 _9500 |
||
| 021 |
_aRU _b2005-14928 _9757 |
||
| 035 | _a(NLR Aleph) 000799106 | ||
| 090 |
_a1169904 _c1169904 |
||
| 100 | _a20050616d2004 |||y0rusy50 ca | ||
| 101 | 0 | _arus | |
| 102 | _aRU | ||
| 105 | _aa ||||||||| | ||
| 200 | 1 |
_aИдея соборности в хоровом и симфоническом творчестве С.И.Танеева _eмонография _fГ. Аминова _gМ-во образования и науки Рос. Федерации, Краснояр. гос. ун-т |
|
| 210 |
_aКрасноярск _cиздательский центр Красноярского государственного университета _d2004 |
||
| 215 |
_a140 с. _cпортр., нот. _d20 |
||
| 320 | _aБиблиогр.: с. 136-140 (85 назв.) | ||
| 604 |
_1200#1$aТанеев$gСергей Иванович$bС.И.$f1856 - 1915 _12351#$aХоровые произведения _aТанеев, Сергей Иванович (1856 - 1915) _tХоровые произведения _3RU\NLR\AUTH\661086117 _91763231 |
||
| 604 |
_1200#1$aТанеев$bС.И.$gСергей Иванович$f1856-1915 _12351#$aСимфонические произведения _aТанеев, Сергей Иванович (1856-1915) _tСимфонические произведения _3RU\NLR\AUTH\661423386 _92386312 |
||
| 606 | 1 |
_aСоборность в музыке _92386331 _3RU\NLR\auth\661423397 |
|
| 686 | _aЩ310.06 | ||
| 686 | _aЩ313(2Р=Рус)53-81Танеев4 | ||
| 700 | 1 |
_4070 _7ca _8rus _aЛукина _bГ. У. _gГалима Ураловна _9154710 _3RU\NLR\AUTH\770154748 |
|
| 801 | 0 |
_aRU _bNLR _c20050616 _grcr |
|
| 801 | 1 |
_aRU _bNLR _c20050616 |
|
| 830 | _aавт. по кн. | ||
| 942 | _cBOOK | ||
| 980 | _aNB | ||